000
00285nam a2200133Ia 4500
005
20251222140107.0
008
251222s1900||||xx |||||||||||||| ||spa||
020
_a
8424914266
082
_a
185/A72R
100
_a
Aristóteles
245
0
_a
Retórica
264
_b
Gredos
942
_c
LIB
999
_c
4148
_d
4148